Corruption conundrum and other paradoxes and dilemmas (Record no. 226042)
[ view plain ]
| 000 -LEADER | |
|---|---|
| fixed length control field | 02266nam a22002417a 4500 |
| 005 - DATE AND TIME OF LATEST TRANSACTION | |
| control field | 20221222105950.0 |
| 008 - FIXED-LENGTH DATA ELEMENTS--GENERAL INFORMATION | |
| fixed length control field | 221222b ||||| |||| 00| 0 eng d |
| 020 ## - INTERNATIONAL STANDARD BOOK NUMBER | |
| International Standard Book Number | 970670083565 |
| 040 ## - CATALOGING SOURCE | |
| Transcribing agency | AL |
| 041 ## - LANGUAGE CODE | |
| Language code of text/sound track or separate title | eng |
| 082 ## - DEWEY DECIMAL CLASSIFICATION NUMBER | |
| Edition number | 23 |
| Classification number | 330.0151 |
| Item number | RAGC |
| 100 ## - MAIN ENTRY--PERSONAL NAME | |
| Personal name | V Raghunathan |
| 100 ## - MAIN ENTRY--PERSONAL NAME | |
| 9 (RLIN) | 67460 |
| 245 ## - TITLE STATEMENT | |
| Title | Corruption conundrum and other paradoxes and dilemmas |
| 260 ## - PUBLICATION, DISTRIBUTION, ETC. | |
| Place of publication, distribution, etc. | New Delhi |
| Name of publisher, distributor, etc. | Penguin Group |
| Date of publication, distribution, etc. | 2010 |
| 300 ## - PHYSICAL DESCRIPTION | |
| Extent | vi,222p. |
| Other physical details | PB |
| Dimensions | 20x13cm. |
| 365 ## - TRADE PRICE | |
| Source of price type code | Economics |
| Price amount | 450.00 |
| Currency code | ₹ |
| Unit of pricing | 450.00 |
| 520 ## - SUMMARY, ETC. | |
| Summary, etc. | How can you be ‘a well-known secret agent’? Why is ‘th e only voting method that isn’t flawed a dictatorship’? How is it that ‘ Corruption is universally disapproved of, and yet universally practised’? The world of dilemmas and paradoxes touch our lives on a regular basis. In The Corruption Conundrum and Other Paradoxes and Dilemmas , V. Raghunathan , the author of the best-seller Games Indians Play , shares the charms of some of the more interesting examples allowing us to delight in the excitement, mystery, confusion, exasperation and that occasional flash of clarity and enlightenment often experienced when the world of paradoxes and dilemmas hits our own. The book takes the reader through some of the fascinating illustrations, classical and well known as well as the less common examples, in the field of management, finance and work life. Can two positives make a negative? Sample a charming little paradox discussed in the book—the blackmail paradox. ‘ It is perfectly legal if you gossip, reveal or threaten to reveal somebody’s secret (unless of course you are bound by a non-disclosure agreement). It is also perfectly legal to ask that somebody for some money. But if you undertake a combination of the two acts, each perfectly legal by itself, with respect to somebody, well you are a criminal, a blackmailer!’ Following the same easy, readable style of his previous best-seller, Games Indians Play , this new book should make absorbing reading and will certainly make you more curious about the world that surrounds us. |
| 650 ## - SUBJECT ADDED ENTRY--TOPICAL TERM | |
| Topical term or geographic name entry element | Paradox of Corruption |
| 9 (RLIN) | 67461 |
| 650 ## - SUBJECT ADDED ENTRY--TOPICAL TERM | |
| Topical term or geographic name entry element | Paradoxes of the Law |
| 9 (RLIN) | 67462 |
| 650 ## - SUBJECT ADDED ENTRY--TOPICAL TERM | |
| Topical term or geographic name entry element | Paradox of Financial Meltdown |
| 9 (RLIN) | 67463 |
| 700 ## - ADDED ENTRY--PERSONAL NAME | |
| Personal name | RAGHUNATHAN (V) |
| 9 (RLIN) | 67464 |
| 942 ## - ADDED ENTRY ELEMENTS (KOHA) | |
| Source of classification or shelving scheme | Dewey Decimal Classification |
| Koha item type | Donated Books |
| Withdrawn status | Lost status | Source of classification or shelving scheme | Damaged status | Not for loan | Collection code | Home library | Current library | Date acquired | Total Checkouts | Full call number | Barcode | Date last seen | Price effective from | Koha item type | Public note |
|---|---|---|---|---|---|---|---|---|---|---|---|---|---|---|---|
| Dewey Decimal Classification | Economics | St Aloysius Library | St Aloysius Library | 11/28/2014 | 330.0151 RAGC | D05309 | 12/22/2022 | 12/22/2022 | Donated Books | Donated by V. T. Rajshekar |